| 000 | 00332nam a2200133Ia 4500 | ||
|---|---|---|---|
| 005 | 20260328101528.0 | ||
| 008 | 260328s9999||||xx |||||||||||||| ||und|| | ||
| 100 | _aChing, Francis D.K. | ||
| 245 | 0 |
_aDesign Drawing / _cFrancis D.K. Ching |
|
| 260 | _bJohn Wiley | ||
| 300 | _a346 p. | ||
| 650 | _aDIBUJO ARQUITECTÓNICO | ||
| 942 | _cBK | ||
| 999 |
_c9870 _d9870 |
||